000 01995nam0a2200373 i 4500
001 RU\NLR\BIBL_A\011013745
005 20260409065657.0
010 _a9785000911877
_bФОРУМ
010 _a978-5-16-011684-6
_bИНФРА-М
010 _a978-5-16-104060-7
_bИНФРА-М
_9100
021 _aRU
_b2016-16199
_91048
035 _a(NILC)RuMoRGB-008161471
035 _a(NLR Aleph) 011013745
090 _a11038229
_c11038229
100 _a20160321d2016 k y0rusy50 ca
101 0 _arus
102 _aRU
105 _aa|||z||||00yy
200 1 _aОсновы металловедения и сварки
_eучебное пособие для студентов высших учебных заведений, обучающихся по специальностям 08.06.01 "техника и технология строительства" 08.04.01 "Строительство" и 05.23.01 "Строительные конструкции, здания и сооружения
_eсоответствует Федеральному государственному образовательному стандарту 3-го поколения
_fМ. Д. Мосесов
210 _aМосква
_cФОРУМ
_cИНФРА-М
_d2016
215 _a126, [1] с.
_cил.
_d21
225 1 _aВысшее образование
_iБакалавриат
320 _aБиблиогр.: с. 125-126
606 1 _aМеталловедение
_jУчебные издания для высших учебных заведений
_9896488
_3RU\NLR\AUTH\66325206
606 _aСварка
_jУчебные издания для высших учебных заведений
_3RU\NLR\AUTH\6654217
_9987028
675 _a669.0
686 1 _aК641я73-1
686 1 _aК2я73-1
700 1 _aМосесов
_bМ. Д.
_gМарат Давидович
801 0 _aRU
_bРГБ
_c20160229
_gRCR
942 _cBOOK
980 _aNBR